| 000 | 01459cam a2200229 4500 | ||
|---|---|---|---|
| 001 | ABS62596 | ||
| 008 | 000000n2000 000 0 eng u | ||
| 035 | _a(Sirsi) u107652 | ||
| 245 | _aFarrell and First National Bank PLC v Sandwell MBC | ||
| 260 | _c2000 | ||
| 490 |
_aRating & Valuation Reporter _v[2000] 40(5) RVR 211-215(5) |
||
| 520 | _aLT 1 November 1999. 37 Old Park Road, Oldbury. By a written agreement dated July 1985 the owner agreed to sell the mid-terrace property to the claimant for £10,000 payable in instalments. In 1988 the council declared certain clearance areas, one which covered the property. The council under the the Housing Act 1985 s23, made the Sandwell (Old Park Lane, Oldbury) (Clearance Areas) Compulsory Purchase Orders 1988. The council notified the claimant that the interior was satisfactory, but the exterior had not been well maintained. One of the main issues was whether the owner/occupier supplement was payable, and whether claimant held interest in dwelling during qualifying period. 'Held' the amount of compensation was the agreed site value of £750. | ||
| 590 | _aABS | ||
| 650 | _aCOMPENSATION | ||
| 650 | _aOWNER-OCCUPIER SUPPLEMENT | ||
| 650 | _aSITE VALUE | ||
| 650 | _aUNFIT HOUSES | ||
| 650 | _aFARRELL AND FIRST NATIONAL BANK V SANDWELL MBC | ||
| 650 | _aFREEHOLD | ||
| 690 | _aENVIRONMENTAL AND LAND CONSULTANCY-PLANNING AND DEVELOPMENT-COMPULSORY PURCHASE AND COMPENSATION | ||
| 942 | _n0 | ||
| 999 |
_c64317 _d64317 |
||